01795nam a2200349Ia 4500001001200000003000800012006001900020007001500039008004100054020001500095040002100110035002000131050002300151245034700174260005800521300002400579504005400603505016400657533015200821650002800973650004801001650005501049650004201104650004501146655002901191700002401220700002201244700001901266710001701285856012601302999001701428ebr10068517CaPaEBRm u cr cn|||||||||040909s2004 dcua sb 000 0 eng d z0309089107 aCaPaEBRcCaPaEBR a(OCoLC)5703037014aT211b.P384 2004eb02aA patent system for the 21st centuryh[electronic resource] /cStephen A. Merrill, Richard C. Levin, and Mark B. Myers, editors ; Committee on Intellectual Property Rigts in the Knowledge-Based Economy, Board on Science, Technology, and Economic Policy, Policy and Global Affairs Division, National Research Council of the National Academies. aWashington, D.C. :bNational Academies Press,cc2004. axiv, 171 p. :bill. aIncludes bibliographical references (p. 130-137).0 aSix reasons to pay attention to the patent system -- Seven criteria for evaluating the patent system -- Seven recommendations for a 21st-century patent system. aElectronic reproduction.bPalo Alto, Calif. :cebrary,d2009.nAvailable via World Wide Web.nAccess may be limited to ebrary affiliated libraries. 0aPatentszUnited States. 0aPatent practicezUnited StatesxEvaluation. 0aTechnological innovationszUnited StatesvPatents. 0aIntellectual propertyzUnited States. 0aPatentsxEconomic policyzUnited States. 7aElectronic books.2local1 aMerrill, Stephen A.1 aLevin, Richard C.1 aMyers, Mark B.2 aebrary, Inc.40uhttp://site.ebrary.com/lib/rucke/Doc?id=10068517zAn electronic book accessible through the World Wide Web; click to view c41659d41659